000 01084namaa22003011i 4500
003 EG-GICUC
005 20260405113723.0
008 260405s2004 ua ||||jr|||| 000 0 ara d
017 _a2004 / 17728
_bدار الكتب والوثائق القومية (مصر)
020 _a9771717669
040 _aEG-GiCUC
_bara
_cEG-GiCUC
_dEG-GiCUC
_erda
082 0 4 _221
_a370
_bS1588f
092 0 4 _221
_a370
_bS1588f
099 _a370 S1588f
100 1 _aسكران، محمد.
_eمؤلف.
245 1 0 _aفلسفة التربية فى عصر التحديات /
_cمحمد سكران.
260 _a[القاهرة] :
_bمكتبة النهضة المصرية،
_c[2004].
264 _a[القاهرة] :
_bمكتبة النهضة المصرية،
_c[2004].
300 _a298 ؛ صفحة
_c24 سم.
336 _2rdacontent
_atext
337 _2rdamedia
_aUnmediated
338 _2rdacarrier
_avolume
541 _aد . جابر عفصور ؛
_bالقاهرة ؛
_cإهداء ؛
_d2024.
650 1 7 _aالتربية
_2qrmak
651 1 _2qrmak
905 _aNoha
942 _2ddc
_cBK
_e21
_n0
999 _c179182
_d179182